000 00215nam a22000977a 4500
999 _c15995
_d15995
003 OSt
008 191025b ||||| |||| 00| 0 eng d
100 _aKanam,E J.
_94460
245 _aKattaka enna pattukari
942 _cBK